| 000 | 00572nam a22002177a 4500 | ||
|---|---|---|---|
| 003 | OSt | ||
| 005 | 20160511124923.0 | ||
| 008 | 160414b xxu||||| |||| 00| 0 eng d | ||
| 020 | _a9781439046579 | ||
| 040 | _cDDC | ||
| 082 | _a521 GUS 2010 | ||
| 100 |
_aGustafson, David; Frisk, Peter D.; Hughes, Jeffrey D. _97916 |
||
| 245 | _aCollege Algebra | ||
| 250 | _a10th ed. | ||
| 260 | _aAustralia; Brooks/Cole | ||
| 300 | _axv,752p; col.ill: 28cm | ||
| 504 | _aAppendice, & index included | ||
| 650 |
_aAlgebra _92 |
||
| 650 |
_aMathematics _9810 |
||
| 942 |
_2z _cO_SHELF |
||
| 999 |
_c3546 _d3546 |
||